000 00549ntaaa2200193 4500
003 01
005 20251027201645.0
008 0714s1973 ag 01
040 _aAR-BaBN
_bspa
_cAR-BaBN
_eaacr
_dRIC
082 _a232.5 R14r
100 _aRamsay, Arthur Michael
_915297
245 _aLa resurrección de Cristo /
_cArthur Michael Ramsay
250 _a1 ed.
260 _aBilbao, España :
_bMensajero,
_cc1971
300 _a183 p
500 _aLa biblioteca posee el original en inglés
650 _aJesucristo-resurrección
_95873
942 _cBK
999 _c11305
_d11305